000 00635cab a2200217 4500
001 WB3412-44
008 090401t1998 xxu||||| |||| 00| 0 eng d
035 _a(Sirsi) u85188
041 _aeng
245 _aFarmland values
260 _c1998
350 _a0
490 _aFinancial Times
_v21 March 1998, 8(1)
520 _aFPD Savills predicts a fall in farmland values of 20 per cent over 1998 and 1999 as farm incomes continue to fall and Budget changes to reinvestment relief.
650 _aBUDGET 1998
650 _aFARMLAND
650 _aLAND VALUES
690 _aRURAL PRACTICE
942 _n0
948 _c25/03/1998
999 _c53550
_d53550